000 nam a22 7a 4500
999 _c16814
_d16814
008 161117b xxu||||| |||| 00| 0 eng d
020 _a49806834X
020 _a9780498068348
050 _aNK 1125 .M363 1969
100 _aMebane, John
245 _aWhat's new that's old; offbeat collectibles/
_cJohn Mebane
260 _aSouth Brunswick, N.J. :
_bA.S. Barnes
_c ©1969.
300 _a337p. :
_bill. ;
_c27cm.
500 _aIncludes bibliography and index.
650 _aAntiques.
650 _a Collectibles.
942 _2lcc
_cBOOKS
_hNK 1125 .M363 1969